Normal view
MARC view
- Bourgeois, Marie
Entry Personal Name
001 - CONTROL NUMBER
- control field: 126672
003 - CONTROL NUMBER IDENTIFIER
- control field: NUST
005 - DATE AND TIME OF LATEST TRANSACTION
- control field: 20241031125056.0
008 - FIXED-LENGTH DATA ELEMENTS
- fixed length control field: 241031|| aca||aabn | a|a d
040 ## - CATALOGING SOURCE
- Original cataloging agency: NUST
- Transcribing agency: NUST
100 ## - HEADING--PERSONAL NAME
- Personal name: Bourgeois, Marie
670 ## - SOURCE DATA FOUND
- Source citation: Work cat.: (NUST)0: Richards, Ira S. (Ira Steven), 1948- 126671, Principles and practice of toxicology in public health /, c2014.
